فرقة التجلي في ماليزيا : دراسة تحليلية تقويمية /
Saved in:
| Main Author: | |
|---|---|
| Other Authors: | |
| Format: | Thesis |
| Language: | Arabic |
| Published: |
Maliziya :
al-Jami'ah al-Islamiyah al-'Alamiyah bi-Maliziya,
2000
|
| Subjects: | |
| Online Access: | http://studentrepo.iium.edu.my/handle/123456789/9077 |
| Tags: |
Add Tag
No Tags, Be the first to tag this record!
|
| LEADER | 021640000a22004210004500 | ||
|---|---|---|---|
| 001 | 206262 | ||
| 005 | 20230420105014.0 | ||
| 008 | 033103s2000 my g 00 ara d | ||
| 035 | |a (Sirsi) 206262 | ||
| 040 | |a UIAM |b eng | ||
| 041 | 0 | |a ara | |
| 050 | 0 | 0 | |a BP195.B3 |
| 100 | 1 | |a رشيدة بنت أحمد |9 35324 | |
| 242 | 1 | 0 | |a Firqat al-Tajalli fi Maliziya : |b dirasah tahliliyah taqwimiyah |
| 245 | 1 | 0 | |a فرقة التجلي في ماليزيا : |b دراسة تحليلية تقويمية / |c إعداد رشيدة بنت أحمد |
| 260 | |a Maliziya : |b al-Jami'ah al-Islamiyah al-'Alamiyah bi-Maliziya, |c 2000 | ||
| 300 | |a 138 p. ; |c 30 cm. | ||
| 336 | |2 rdacontent | ||
| 337 | |2 rdamedia | ||
| 338 | |2 rdacarrier | ||
| 500 | |a Abstract in English and Arabic | ||
| 500 | |a "بحث تكميلى مقدم لنيل درجة الماجستير فى علوم الوحى والتراث" | ||
| 502 | |a Thesis (M.I.R.K.H)--International Islamic University Malaysia, 2000 | ||
| 506 | |a Access for fulltext of thesis is provided through digital format. | ||
| 530 | |a Thesis issued also in 3 1/2 in. computer disk | ||
| 650 | 0 | |a Batinites |9 35325 | |
| 651 | 0 | |a Islamic sects |z Malaysia |9 35326 | |
| 655 | 0 | 7 | |a Theses, IIUM local |
| 700 | 1 | 0 | |a Roshidah Bt. Ahmad |9 35327 |
| 730 | 0 | |a Firqat al-tajalli fi Maliziya : dirasah tahliliyah taqwimiyah |h [computer file] |9 35328 | |
| 856 | 4 | |u http://studentrepo.iium.edu.my/handle/123456789/9077 | |
| 900 | |a naw-ami-hch-naw | ||
| 942 | |2 lcc |n 0 | ||
| 999 | |c 431539 |d 463030 | ||
| 952 | |0 0 |6 T BP 000195 B3 R224F 2000 |7 0 |8 THESES |9 751411 |a IIUM |b IIUM |c MULTIMEDIA |g 0.00 |o t BP 195 B3 R224F 2000 |p 11100325269 |r 2017-10-19 |t 2 |v 0.00 |y THESIS | ||
| 952 | |0 0 |6 LU T BP 195 B3 R224F 2000 |7 0 |8 THESES |9 751412 |a IIUM |b IIUM |c CLOSEACCES |g 0.00 |o lu t BP 195 B3 R224F 2000 |p 00000634021 |r 2017-10-24 |t 1 |v 0.00 |y THESIS | ||
| 952 | |0 0 |6 T DK BP195B3R224F 2000 |7 0 |8 THESES |9 805304 |a IIUM |b IIUM |c MULTIMEDIA |g 0.00 |o t dk BP195B3R224F 2000 |p 00000641793 |r 2017-11-17 |t 2 |v 0.00 |y THESISDIG | ||
| 952 | |0 0 |6 T DK BP195B3R224F 2000 |7 0 |8 THESES |9 805305 |a IIUM |b IIUM |c MULTIMEDIA |g 0.00 |o t dk BP195B3R224F 2000 |p 00000641792 |r 2017-11-17 |t 1 |v 0.00 |y THESISDIG | ||
